Responses for show #6680 - Friday, October 4, 2013

Contestants

A.C. Hawley, a graduate student in media studies from Iowa City, Iowa

Cori Wilhelm, a college librarian from Parishville, New York

Damian Henri, an architect from Shaker Heights, Ohio (whose 2-day cash winnings total $63,600)

Jeopardy! Round responses

OUTDOOR DRAMAS
CHICKEN DISHES
"WATER" WORKS
LIFE IS A SOAP OPERA
SCIENCE
BETWEEN JOBS
    $200 26
Virginia

Cori
    $200 1
Buffalo wings

A.C.
    $200 3
waterfall

Cori
    $200 12
The Young & The Restless

A.C.
    $200 8
zinc

A.C.
    $200 21
the baker

Damian
    $400 27
the Hatfields & McCoys

A.C.
    $400 2
tandoori

Cori
    $400 4
watergate

Damian
    $400 13
Days of Our Lives

Cori
    $400 14
(Cori: What is response?)

reaction

Cori
Triple Stumper
    $400 22
soldier

Cori
    $600 28
The Last of the Mohicans

Triple Stumper
    $600 9
(Alex: Melted [*].)

butter

A.C.
    $600 5
a water spout

Cori
    $600 16
Kelsey Grammer

A.C.
    $600 15
albino

A.C.
    $600 23
director

A.C.
    $800 29
The Miracle Worker

A.C.
    $800 10
cacciatore

A.C.
    $800 6
watercress

Damian
    $800 17
Christopher Reeve

A.C.
    $800 19
gypsum

Damian
    $800 24
lawyer

Cori
    $1000 30
Ramona

Triple Stumper
    $1000 11
Ethiopia

Triple Stumper
    $1000 7
a watermark

Cori
    $1000 18
All My Children

A.C.
    $1000 20
compressed air

A.C.
    $1000 25
(Cori: What is a priest?)
(Damian: What is a bishop?)
...
[A.C. shakes his head and doesn't ring in.]
(A.C.: I got no idea.)
(Alex: Then we won't come to you.)

pope

DamianCori
Triple Stumper

Scores at the first commercial break (after clue 15):

Damian Cori A.C.
$1,200 $2,200 $2,600

Scores at the end of the Jeopardy! Round:

Damian Cori A.C.
$1,200 $2,600 $7,800

Double Jeopardy! Round responses

INDOOR DRAMAS
1967
FROM THE MALAY
I'M A CONNOISSEUR
WORLDS & PHRASES
FANS OF THE MUSICAL ACT
    $400 9
(A.C.: What is Who's Afraid of Virginia Woolf?)
...
(Alex: You were reading a lot more into our clue, A.C., than our writers intended. Martha and George had nothing to do with [*].)

a souffle

CoriA.C.
    $400 20
Greece

Cori
    $400 25
gingham

Damian
    $400 6
quilts

Cori
    $400 16
(Alex: [*] is the gospel, yes.)

John

Damian
    $400 1
Justin Bieber

Cori
    $800 12
a crawl space

Damian
    $800 21
Newark

A.C.
    $800 26
amok

Triple Stumper
    $800 7
a glaze

Damian
    $800 17
Robert Frost

Cori
    $800 2
Beyonce

Cori
    $1200 13
a panic room

Cori
    $1200 22
Monterey

A.C.
    $1200 27
satay

Cori
    $1200 8
(A.C.: What is Dadaism?)
(Damian: What is Surrealism?)

symbolism

DamianA.C.
Triple Stumper
    $1200 18
a stage

A.C.
    $1200 3
Depeche Mode

Damian
    $1600 14
a chimney sweep

Damian
    $2,000 23
(A.C. What are peace talks?)
(Alex: No, we need the exact talks, and those are the [*].)

SALT (Strategic Arms Limitation Talks)

A.C.
    $100 29
[end-of-round signal sounds]

a sarong

Damian
    $1600 10
the Rhone

A.C.
    $1600 19
time

Triple Stumper
    $1600 4
Green Day

Damian
    $2000 15
(A.C.: What is an operative?)

a sleeper

A.C.
Triple Stumper
    $2000 24
(Alex: The partner was [*].)
[a minute left now]

Gus Grissom

Triple Stumper
    $2000 11
Hummels

Cori
    $2000 28
a grain of sand

Damian
    $2000 5
the Killers

A.C.

Scores at the end of the Double Jeopardy! Round:

Damian Cori A.C.
$8,900 $10,200 $9,000

[wagering suggestions for these scores]

Final Jeopardy! Round responses

COUNTRIES OF THE WORLD
(Alex: [Revealing A.C.'s response] No, China is a large country and it has nuclear weapons.)
DamianWhat is Indonesia?
$6,500
A.C.What is China?
$8,500
CoriWhat is Indonesia?
$7,801
Indonesia

Final scores:

Damian Cori A.C.
$15,400 $18,001 $500
2nd place: $2,000 New champion: $18,001 3rd place: $1,000

Game dynamics:

Coryat scores:

Damian Cori A.C.
$10,400 $10,200 $11,000
13 R
(including 1 DD),
2 W
17 R,
2 W
18 R
(including 1 DD),
4 W
(including 1 DD)

Combined Coryat: $31,600

The J! Archive is created by fans, for fans. The Jeopardy! game show and all elements thereof, including but not limited to copyright and trademark thereto, are the property of Jeopardy Productions, Inc. and are protected under law. This website is not affiliated with, sponsored by, or operated by Jeopardy Productions, Inc. Join the discussion at JBoard.tv.